000 00375nam a2200169Ia 4500
001 1695
005 20250626024118.0
008 211022s9999 xx 000 0 und d
082 _a934 KAS
100 _aKashyap, P C
245 0 _aSurviving Harappan Civilisation
260 _aNew Delhi
260 _bAbhinav Publications
260 _c1984
300 _a94
942 _cBK
999 _c1450
_d1450